| 000 | 01593nam a2200445 c 4500 | ||
|---|---|---|---|
| 001 | 22094 | ||
| 003 | ES-MaCES | ||
| 005 | 20141221122750.0 | ||
| 008 | 090423s2008 sp d t o100 | spa d | ||
| 017 |
_aM 3794-2009 _bDL |
||
| 020 | _a9788469189047 | ||
| 024 | 7 |
_a803-09-009-2 _2nipo |
|
| 035 | _aCES20090004789m | ||
| 040 |
_aES-MaCES _bspa _cES-MaCES |
||
| 245 | 0 | 0 |
_aPacto entre géneros y políticas públicas _b: género y cohesión social _cJudith Astelarra (coord.) |
| 260 |
_aMadrid _bInstituto de la Mujer _c2008 |
||
| 300 |
_a114 p. _c30 cm |
||
| 490 | 1 |
_aSerie Debate _v50 |
|
| 500 | _aRecoge las ponencias y resúmenes realizados dentro del Seminario sobre Género y Cohesión Social, en COFI, una web de debates iberoamericanosm en abril de 2008 | ||
| 504 | _aBibliografía | ||
| 541 | _cGratuito | ||
| 650 | 4 |
_amujeres _928657 |
|
| 650 | 4 |
_aigualdad de oportunidades _927183 |
|
| 650 | 4 |
_adiscriminación por razones de sexo _929521 |
|
| 650 | 4 |
_apolítica gubernamental _927211 |
|
| 650 | 4 |
_apolítica social _927029 |
|
| 650 | 4 |
_acohesión social _930743 |
|
| 650 | 4 |
_aEspaña _926964 |
|
| 650 | 4 |
_aAmérica Latina _926882 |
|
| 650 | 4 |
_aestudio de casos _928846 |
|
| 650 | 4 |
_ainvestigación sociológica _927260 |
|
| 650 | 4 |
_aconferencia _927013 |
|
| 653 | 1 | 0 | _aMujer |
| 700 | 1 |
_aAstelarra, Judith _ecol. _96692 |
|
| 711 | 2 |
_aSeminario sobre Género y Cohesión Social _d2008 _91086 |
|
| 830 | 0 |
_aDebate (Instituto de la Mujer (España)) _v50 _932789 |
|
| 902 | _aLIB Libro | ||
| 942 |
_2CES _cBK _h3.3. |
||
| 999 |
_c22094 _d22094 |
||